Alphabet - Tennis - Statistiques

Statistiques générales
  • Ce quiz a été pris 55 fois
    42 depuis la dernière actualisation
  • Le résultat moyen est 7 sur 26
Statistiques - réponses
Lettre Réponse % Correct
N Novak Djokovic
73%
F Roger Federer
68%
C Carlos Alcaraz
60%
R Roland-Garros
50%
J Jannik Sinner
48%
O Open d'Australie
48%
W Wimbledon
48%
U US Open
45%
Z Alexander Zverev
33%
A Aryna Sabalenka
30%
M Andy Murray
23%
I Iga Swiatek
23%
V Venus Williams
20%
Y Yannick Noah
18%
G Coco Gauff
15%
L Lob
15%
B Break
10%
X Xavier Malisse
10%
D Double faute
8%
S Maria Sharapova
8%
K Nick Kyrgios
8%
T Tennis
8%
P Jessica Pegula
5%
H Simona Halep
5%
Q Zheng Qinwen
5%
E Elena Rybakina
3%
Aucun quiz correspondant
Distribution des résultats
% des personnes avec chaque résultat
Percentile par nombre de réponses
Votre historique - résultats
Vous n’avez pas pris ce quiz depuis la dernière actualisation